Words That End in 'VER' (A-Z) Quiz Stats

 Plays Quiz Updated Apr 14, 2014

Support Sporcle.
Go Orange.
Score 0/26 Timer 05:00
1 Play Today
Clue Word % Correct
EternityForever
96.7%
The largest human internal organLiver
94.7%
Animal that epitomizes busyBeaver
94.4%
A US president or a vacuumHoover
94.3%
After Phoenix, the largest Mountain Time Zone cityDenver
92.3%
Corpse that is to be dissectedCadaver
89.9%
Yukon Cornelius desired two elements - gold and thisSilver
86.7%
A signed release from liabilityWaiver
85.2%
Given name of a president and a muppetGrover
82.9%
Host of the 2010 Winter OlympicsVancouver
82.2%
Type of work where an agent infiltrates an enemyUndercover
76%
Clue(do) weaponRevolver
75.1%
Tropical virus transmitted by mosquitoes (2 wds)Yellow Fever
73.7%
Clue Word % Correct
Musical that won Best Picture Oscar in 1969Oliver!
71.5%
Tactical move, or series of movesManeuver
70.6%
One who doesn't follow any religionNonbeliever
61.1%
Rate at which inventory is sold, or a pastryTurnover
60.6%
Massachusetts town with Phillips AcademyAndover
60%
The German equivalent of JavierXaver
56.4%
A musical eighth note, or to trembleQuaver
54.7%
Drinking game based on undone actions (2 wds)I Never
44%
A young eelElver
38.1%
Victoria Falls is on this African waterway (2 wds)Zambezi River
30.4%
Widespread wading birdPlover
30.1%
Adlai Stevenson's 1956 running mate EstesKefauver
18.5%
Short story author of 'The Swimmer' (2 wds)John Cheever
9.6%

You're not logged in!

Compare scores with friends on all Sporcle quizzes.
OR
Log In
Forgot?

From the Vault

Remove Ads.
Support Sporcle.
Get the best of Sporcle when you Go Orange. This ad-free experience offers more features, more stats, and more fun while also helping to support Sporcle. Thank you for becoming a member.

Show Comments

Extras

Top Quizzes Today


Score Distribution

Your Account Isn't Verified!

In order to create a playlist on Sporcle, you need to verify the email address you used during registration. Go to your Sporcle Settings to finish the process.

Report this User

Report this user for behavior that violates our Community Guidelines.

Details: